| Tag |
First Indicator |
Second Indicator |
Subfields |
| LEADER |
00000ctm a2200000Ia 4500 |
| 001 |
in00001237304 |
| 005 |
20200904152715.0 |
| 008 |
950531s1993 xx a bm 000 0 eng d |
| 035 |
|
|
|a (OCoLC)ocm32575304
|
| 035 |
|
|
|9 AGS7605AM
|
| 040 |
|
|
|a TXA
|b eng
|c TXA
|d OCLCQ
|d OCLCF
|d OCLCO
|d UMI
|d OCLCQ
|d TXA
|
| 035 |
|
|
|a (OCoLC)32575304
|
| 049 |
|
|
|a TXAM
|
| 099 |
|
|
|a 1993
|a Dissertation
|a M395
|
| 100 |
1 |
|
|a Mascianglioli, Panfilo Andrea,
|d 1956-
|
| 245 |
1 |
2 |
|a A three-dimensional finite element model to simulate groundwater flow of two immiscible fluids through anisotropic and heterogeneous media /
|
| 264 |
|
1 |
|c 1993.
|
| 300 |
|
|
|a xii, 116 leaves :
|b illustrations ;
|c 28 cm
|
| 336 |
|
|
|a text
|b txt
|2 rdacontent
|
| 337 |
|
|
|a unmediated
|b n
|2 rdamedia
|
| 338 |
|
|
|a volume
|b nc
|2 rdacarrier
|
| 504 |
|
|
|a Includes bibliographical references.
|
| 500 |
|
|
|a Vita.
|
| 502 |
|
|
|b Ph. D.
|c Texas A & M University
|d 1993
|
| 500 |
|
|
|a "Major subject: Civil Engineering."
|
| 520 |
3 |
|
|a A full three-dimensional finite element model to simulate groundwater flow under steady state conditions was developed. The model can be used for fluids of constant density and when two different fluids are separated by a sharp interface with the denser fluid immobile. The main characteristic of the model is that it can consider very anisotropic and heterogeneous media. The resulting system of equations is solved using the iterative Gauss-Seidel method. A pointer matrix used to save memory and computation time avoiding the storage of most of the zeros in the resulting sparse matrix. A simple automatic mesh generation algorithm was developed for eight nodes hexahedrical elements, together with an algorithm to represent the geology when the layers can be defined between planes with variable slopes along x and y axis. The model was verified against several analytical solutions available in the literature for simple groundwater solutions available in the literature for simple groundwater problems. From the sensitivity analysis, it was found that the relative size of the elements along the x, y, and z axis, the magnitude of the error used to stop the Gauss-Seidel iterative process, and the grid spacing are very important parameters which if not properly determined can cause the model not to run, or the model can give wrong solutions. Finally, the model was applied in the evaluation of a brine recovery wells system in the Dove Creek area in the upper Brazos River, Texas, where a natural salt pollution exists. From this evaluation, it was found that a system of ten recovery wells located in the Dove Creek Salt Flat is not enough to eliminate the natural salt springs and seeps. It was estimated that it is necessary to pump two cubic feet per second of brine to eliminate the natural salt pollution. The maximum pumping rate from the ten wells was 1.2 cfs.
|
| 650 |
|
0 |
|a Groundwater flow
|x Mathematical models.
|
| 650 |
|
0 |
|a Finite element method.
|
| 650 |
|
0 |
|a Multiphase flow.
|
| 650 |
|
4 |
|a Major civil engineering.
|
| 655 |
|
7 |
|a Academic theses
|2 lcgft
|
| 700 |
1 |
|
|a James, Wesley,
|e degree supervisor.
|
| 700 |
1 |
|
|a Brimhall, Ronald M.,
|e degree committee member.
|
| 700 |
1 |
|
|a Valdes, Juan B.,
|e degree committee member.
|
| 700 |
1 |
|
|a Wurbs, Ralph A.,
|e degree committee member.
|
| 710 |
2 |
|
|a Texas A & M University,
|e degree granting institution.
|
| 856 |
4 |
2 |
|3 ProQuest, Abstract
|u http://gateway.proquest.com/openurl?url_ver=Z39.88-2004&rft_val_fmt=info:ofi/fmt:kev:mtx:dissertation&res_dat=xri:pqm&rft_dat=xri:pqdiss:9328770
|t 0
|
| 856 |
4 |
1 |
|x http://hdl.handle.net/1969.1/DISSERTATIONS-1480724
|z Link to OAKTrust copy
|t 0
|
| 856 |
4 |
1 |
|u http://proxy.library.tamu.edu/login?url=http://proquest.umi.com/pqdweb?did=747688021&sid=1&Fmt=2&clientId=2945&RQT=309&VName=PQD
|z Link to OAKTrust copy
|t 0
|
| 994 |
|
|
|a C0
|b TXA
|
| 999 |
f |
f |
|s 5d4332d2-0357-3a36-a29f-e2000b305759
|i 60e054a7-5dca-3cbf-a7ea-65f50d5901a5
|t 0
|
| 952 |
f |
f |
|p noncirc
|a Texas A&M University
|b J.J. Pickle Campus
|c High Density Repository
|s HDR
|d Remote Storage
|t 0
|e 1993 Dissertation M395
|h Other scheme
|i unmediated -- volume
|m A14841051740
|
| 952 |
f |
f |
|a Texas A&M University
|b College Station
|c Electronic Resources
|s www_evans
|d Available Online
|t 0
|e 1993 Dissertation M395
|h Other scheme
|
| 998 |
f |
f |
|a 1993 Dissertation M395
|t 0
|l Remote Storage
|
| 998 |
f |
f |
|a 1993 Dissertation M395
|t 0
|l Available Online
|